Ψυχοπαιδαγωγικά θέματα - διδακτική μεθοδολογία - γνωστικό αντικείμενο - ειδική διδακτική
Αποθηκεύτηκε σε:
| Κύριος συγγραφέας: | |
|---|---|
| Μορφή: | Βιβλίο |
| Γλώσσα: | Greek |
| Δημοσίευση: |
[Αθήνα] :
Μεταίχμιο,
[c2006]
|
| Σειρά: | Διαγωνισμός ΑΣΕΠ για την πρόσληψη των εκπαιδευτικών
|
| Θέματα: | |
| Ετικέτες: |
Προσθήκη ετικέτας
Δεν υπάρχουν, Καταχωρήστε ετικέτα πρώτοι!
|
MARC
| LEADER | 00000cam a2200000 i 4500 | ||
|---|---|---|---|
| 001 | 1/35271 | ||
| 008 | 061009s2006 gre d | ||
| 020 | |a 960-455-053-5 | ||
| 035 | |l 10085479 | ||
| 040 | |a GR-MY-UA |b gre |e aacr | ||
| 041 | 0 | |a gre | |
| 082 | 0 | |a 372.1102 |2 (22) | |
| 100 | 1 | |a Χατζήνα, Φρόσω, |d 1968- | |
| 245 | 1 | 0 | |a Ψυχοπαιδαγωγικά θέματα - διδακτική μεθοδολογία - γνωστικό αντικείμενο - ειδική διδακτική / |c Φρόσω Χατζήνα |
| 260 | |a [Αθήνα] : |b Μεταίχμιο, |c [c2006] | ||
| 300 | |a 222 σ.; |c 24 εκ. | ||
| 490 | 1 | |a Διαγωνισμός ΑΣΕΠ για την πρόσληψη εκπαιδευτικών | |
| 504 | |a Βιβλίογραφία: σ. [211]-222 | ||
| 650 | 0 | 0 | |a Elementary school teaching |z Greece. |
| 650 | 0 | 0 | |a Teaching |x Methods |x Education, Elementary. |
| 650 | 0 | 0 | |a Education, Preschool |z Greece. |
| 830 | 0 | |a Διαγωνισμός ΑΣΕΠ για την πρόσληψη των εκπαιδευτικών | |
| 852 | |a INST |b RHODES |e 20061009 |h 372.1102 XAT |p 005400024160 |q 005400024160 |t BK |y 0 | ||
| 901 | |a BIBL4-2006-3 | ||
| 909 | |a Ρ |b 126961 | ||
| 970 | |a ΚΟΖΑ |b ΜΑΡΙΑ |z 2006/10/09 | ||